| 000 | 00425nam a22001697a 4500 | ||
|---|---|---|---|
| 003 | SGT | ||
| 020 | _a9788123912820 | ||
| 082 | _a620.1,RAM | ||
| 100 | _aRAMSEY, A. S. | ||
| 245 | _aDYNAMICS (PART-2) | ||
| 250 | _a2ND | ||
| 260 |
_aNEW DELHI _bCBS PUBLISHERS _c2002 |
||
| 300 | _a343 | ||
| 650 | _aENGINEERING MECHANICS MATERIALS | ||
| 653 | _aCENTRAL ORBITS, KINEMATIOS,VECTORS AND THIR APPLICATIONS | ||
| 942 |
_2ddc _cFPS |
||
| 999 |
_c9360 _d9360 |
||